000 01361nam a2200133Ia 4500
008 220615s9999||||xx |||||||||||||| ||und||
020 _a9783040000000
245 0 _aFunctional Coordination Polymers and Metal–Organic Frameworks
546 _aEnglish[eng]
650 _azirconium-based MOFs||water adsorption||ethanol adsorption||porous materials||adsorption heat pump||coordination polymer||MOF||CP||dimensionality control||Cu(II)-4,4′-bipyridine||dipyridil ligand||copper||metal–organic frameworks||solid sorbents||shaping||gas separation||gas storage||water harvesting||zirconium||metal–organic framework||post-synthetic modification||iridium catalysis||water oxidation||water splitting||thiazole||thiadiazole||coordination polymers||luminescence||cerium||terephthalic acid||spectroscopic characterization||adsorption||calorimetry||carbon dioxide||Ag(I) complexes||metal-organic coordination polymers||thermally activated delayed fluorescence||phosphorescence||pyrimidylphosphines||poly(azolate) spacers||1,3-bis(1,2,4-triazol-4-yl)adamantane||zinc||cadmium||crystal structure||group 12 metals||1H-indazole-6-carboxylic acid||photoluminescence properties||organometallic||coordination bonds||supramolecular chemistry||catalysis||n/a
700 _aRossin, Andrea
856 _uhttps://mdpi.com/books/pdfview/book/3966
942 _cEB
999 _c13440
_d13440